000
00232nam a22000977a 4500
999
_c
259110
_d
259109
020
_a
0619035285
245
_a
Information Technology project Management
250
_a
2nd ed
260
_a
Canada
_b
Course Technology
_c
2002
942
_c
BK